000 00557nam a2200181 a 4500
001 000016965
005 20200929165008.0
008 100312s1985 dr 000 0 spa d
040 _aDO-SdBNP
082 _axxx
_bO48a
100 1 _aOlivares M. Félix R.
_922087
245 1 0 _aApuntes históricos /
_cFélix R. Olivares M.
260 _aSanto Domingo :
_bSecretaría De Agricultura,
_c1985.
300 _a142 p. ;
_c22 cm.
500 _aIncluye notas al pie de las páginas
504 _aIncluye referencias bibliográficas ( p. 137-142)
049 _aBNPD
999 _c16497
_d16497